| 000 | 00704nam a2200241Ia 4500 | ||
|---|---|---|---|
| 005 | 20260429112204.0 | ||
| 008 | 260429s9999||||xx |||||||||||||| ||und|| | ||
| 020 | _a9788196277130 | ||
| 041 | _aEnglish | ||
| 082 |
_a320.954 _bARY |
||
| 100 | _aArya, Vedaprakash | ||
| 245 | 0 |
_aAncient Indian political ideas and institutions / _cVedaprakash Arya |
|
| 250 | _a1st ed. | ||
| 260 |
_aAgra : _bCurrent Publication, _c2024. |
||
| 300 | _aix, 280 p.; hb | ||
| 440 | _aAs per National Education policy 2020-DSC 7 | ||
| 650 | _a Ancient India | ||
| 650 | _a Indian polity | ||
| 650 | _a Political institutions | ||
| 650 | _aPolitical science-India | ||
| 700 | _a Metre G. Manohar | ||
| 942 | _cTB | ||
| 999 |
_c52801 _d52801 |
||